Guess the Mario Maker Troll Maker v2 (Harder) - Statistiques

Statistiques générales
  • Ce quiz a été pris 33 fois
  • Le résultat moyen est 27 sur 65
Statistiques - réponses
Hint Réponse % Correct
THE BAN MEN Abotun
75%
TOAD OPENED A WINDOW jojalol
75%
WHAT COULD POSSIBLY GO WRONG? Stevo19
75%
Larl Carl and the Castle of Bup BearWare
71%
Molten Brain Land SoupBowl
71%
Troll Level Becoming Uncanny Sady
68%
When the Level is Dubious 3good5you
64%
Larl's AphanTROLLsia Defender
64%
Alt + F4-rest elarin
64%
LUL (Read the Description) Matute26
64%
Frenly Fishbones Shano19
64%
Hokey Pokey's Bogus Bingus WilfredTheBoss
64%
nor galore Canyyon
61%
Mario terminator (Troll) catears
57%
the shenanigans of _______ DolphieDolphin
57%
A Happy New Year of Trolls! KingBling
57%
TROLL:Cave of U γυτσ
54%
________'s CCCooldown Bingo Level Bedcliff
54%
guess what's lighter (quizzz) Lvega12
54%
Evil zoliking
54%
how to beat the level jneen
50%
Anatidaephobia [Troll] Kerzo
50%
Riding the Troll'y YimmyRawr
50%
Trashional Lampoons B0X
46%
the blooper reel frgted
46%
_____'s Skybound Chateau GrimmTombobulus
46%
__________'s Faulty Level Design Potatochan
46%
Pika-Pika Path [Troll] xTofu
46%
A Dish Best Served Mole'd CarlSagan42
43%
Canyonero (Multiplayer Troll) RenaldoMun
43%
Mario Steps On Bowser #CTC Explosive
39%
Mario gets trolled in the editor 50_ft_lock
36%
The Level Is A Lie ÆtherPi
36%
A Trollo Story (Revived) Burg93
36%
Sorry, Juz Icay
36%
a Bomb, a Fish and a Thwomp Shieldser9
36%
Schrödinger's Troll Box Syntree
36%
Luigi Steals from Ruins Talerian
36%
Morton is typing... (Troll) Xara
36%
thank mr skeltrol Foggles17
32%
hst88p3MM GigantTRex
32%
Mansion of Madness $hadekitty
32%
Little Timmy's Trash Can LazyNine
32%
Not stolen stuff River_
32%
we do a little trOlling SkullCandY
32%
Win Condition: Get Trolled! Bear24
29%
An Apple a Day Keeps Dr. C Away Buckaroodle
29%
carlToxic HackaKat
29%
404 error: iq address not found Mick
29%
Small Brain Trolls Symplectic
29%
The description says it all TheWelshSock
29%
Event Horizon TrollVoid
29%
Molesome Trolls Tutajkk
29%
My first troll level [NOT GARBO] TwoPlusTwo
29%
Golfin'n'Trolling (12 Trholes) Jujustum
25%
You've Learned Nothing! #Contest Katz
25%
Ocarina Of Deception RamoTheDemon
25%
I Sold My Troll To The Devil Slanteva
25%
Highly Suspicious Troll Level Basilicon
21%
Mole Bamba or Fisho Mode? DankDrew
21%
something | box | troll Jolypop
21%
Simple. Fun. Platforming. 5th Knight
18%
Mario walks into a wall DaftLife
18%
Firey Setups & Frozen Trolls Hyeve
18%
EXTREME TROLL LEVEL (GONE WRONG) Major314
14%
Aucun quiz correspondant
Distribution des résultats
% des personnes avec chaque résultat
Percentile par nombre de réponses
Votre historique - résultats
Vous n’avez pas pris ce quiz